Women in Gandhi's mass movements / (Record no. 17927)

MARC details
000 -LEADER
fixed length control field 007590000a22002170004500
003 - CONTROL NUMBER IDENTIFIER
control field dpl
005 - DATE AND TIME OF LATEST TRANSACTION
control field 20081029153838.0
008 - FIXED-LENGTH DATA ELEMENTS--GENERAL INFORMATION
fixed length control field 081029t xxu||||| |||| 00| 0 eng d
010 ## - LIBRARY OF CONGRESS CONTROL NUMBER
LC control number ENG-84623
020 ## - INTERNATIONAL STANDARD BOOK NUMBER
International Standard Book Number 8176298182
Terms of availability 600.00 (hb)
035 ## - SYSTEM CONTROL NUMBER
System control number EN-68156
040 ## - CATALOGING SOURCE
Transcribing agency dpl
082 ## - DEWEY DECIMAL CLASSIFICATION NUMBER
Classification number 303.484
100 ## - MAIN ENTRY--PERSONAL NAME
Personal name Thakur, Bharti
245 ## - TITLE STATEMENT
Title Women in Gandhi's mass movements /
Statement of responsibility, etc by Bharti Thakur
260 ## - PUBLICATION, DISTRIBUTION, ETC. (IMPRINT)
Place of publication, distribution, etc New Delhi
Name of publisher, distributor, etc Deep and Deep Publications
Date of publication, distribution, etc 2006
300 ## - PHYSICAL DESCRIPTION
Extent xxii,278p
Dimensions 23cm
500 ## - GENERAL NOTE
General note Includes bibliographical references and index
942 ## - ADDED ENTRY ELEMENTS (KOHA)
Source of classification or shelving scheme Dewey Decimal Classification
Koha item type English Books
Classification part 303.484
Call number suffix THA
Holdings
Withdrawn status Lost status Source of classification or shelving scheme Damaged status Not for loan Home library Current library Date acquired Cost, normal purchase price Total Checkouts Full call number Barcode Date last seen Copy number Cost, replacement price Price effective from Koha item type
    Dewey Decimal Classification   Not For Loan D.B.Act.Division D.B.Act.Division 12/03/2007 600.00   303.484 THA EN-68156 04/11/2008 1 600.00 04/11/2008 English Books

© Delhi Public Library
Hit Counter
free hit counter